000 00973cam a22002654a 4500
001 77963
003 BD-RjUL
005 20211209083055.0
008 210223s20041325ua ab b 000 0 ara
020 _z977382149
035 _a(BD-RjUL) 78189
040 _aDLC-R
_cDLC-R
_dDLC
_beng
041 _aARA
082 _223
_a956.1015
_bHAD 2004
100 1 _a حليم, ابراهيم بك ;; Halim, Ibrahim Bey
_9245100
245 1 0 _aتاريخ الدولة العثمانية العلمية ;; Tārīkh al-Dawlah al-ʻUthmānīyah Al alamia /
_c ابراهيم بك حليم ;; Ibrahim Bay halim
250 _aal-Ṭabʻah 1
250 _aطبعة مزيدة ومنقحة
250 _aطبعة مؤسسة المختار
260 _aal-Qāhirah :
_bmuassat al Mukhtarʻ,
_c2004.
300 _a384 p. :
_bill., maps ;
_c24 cm.
504 _aIncludes bibliographical references
651 0 _aTurkey
_xHistory
_yOttoman Empire, 1288-1918.
_9245101
942 _2ddc
_cBK
999 _c77963
_d77963